[Event "NOR-chT Club"]
[Site "Kristiansund"]
[Date "2017.10.22"]
[Round "5.9"]
[White "David, Edwin"]
[Black "Haug, Johannes"]
[Result "1-0"]
[WhiteElo "2211"]
[BlackElo "2379"]
[PlyCount "99"]
[EventDate "2017.10.20"]
[EventType "team-tourn"]
[EventRounds "6"]
[EventCountry "NOR"]
[SourceTitle "CBM 181 Extra"]
[Source "ChessBase"]
[SourceDate "2017.12.12"]
[SourceVersion "1"]
[SourceVersionDate "2017.12.12"]
[SourceQuality "1"]
[WhiteTeam "Hell"]
[BlackTeam "Nordstrand"]
[WhiteTeamCountry "NOR"]
[BlackTeamCountry "NOR"]

1. d4 Nf6 2. c4 e6 3. Nc3 Bb4 4. e3 0-0 5. Nge2 c6 6. a3 Ba5 7. Qc2 d5 8. Ng3 Bc7 9. cxd5 exd5 10. Bd3 Re8 11. Nce2 Nbd7 12. f3 Qe7 13. b4 a5 14. Rb1 Nf8 15. 0-0 h5 16. b5 Bd7 17. bxc6 bxc6 18. Rb7 Bc8 19. Rb1 Ba6 20. Bxa6 Rxa6 21. a4 Qd7 22. Bd2 g6 23. Rfc1 Ne6 24. h4 Qe7 25. Qd3 Rea8 26. Be1 Nd7 27. Nf1 Ng7 28. Rb7 Nf6 29. Bg3 Nge8 30. Qc3 Qd8 31. Bxc7 Nxc7 32. Nf4 Nfe8 33. Qe1 Nd6 34. Rbb1 Nf5 35. g3 Ne8 36. Nd3 Ned6 37. Ne5 Qe8 38. Rc3 f6 39. Nd3 Nc4 40. Nc5 R6a7 41. g4 hxg4 42. fxg4 Nfd6 43. Qf2 Rf7 44. Ng3 f5 45. gxf5 Nxf5 46. Nxf5 Rxf5 47. Qg3 Qf7 48. e4 Rf4 49. Ne6 Rxe4 50. Rb8+ 1-0

[Event "NOR-chT Club"]
[Site "Kristiansund"]
[Date "2017.10.21"]
[Round "3.9"]
[White "David, Edwin"]
[Black "Barna, Andre"]
[Result "1/2-1/2"]
[WhiteElo "2211"]
[BlackElo "2148"]
[PlyCount "26"]
[EventDate "2017.10.20"]
[EventType "team-tourn"]
[EventRounds "6"]
[EventCountry "NOR"]
[SourceTitle "CBM 181 Extra"]
[Source "ChessBase"]
[SourceDate "2017.12.12"]
[SourceVersion "1"]
[SourceVersionDate "2017.12.12"]
[SourceQuality "1"]
[WhiteTeam "Hell"]
[BlackTeam "Aalesunds Favoritt"]
[WhiteTeamCountry "NOR"]
[BlackTeamCountry "NOR"]

1. e4 e6 2. Nf3 d5 3. e5 c5 4. b4 b6 5. a3 Ne7 6. c3 Nf5 7. d4 h5 8. Bd3 Be7 9. 0-0 g5 10. dxc5 bxc5 11. bxc5 g4 12. Nd4 Bxc5 13. Bxf5 exf5 1/2-1/2

[Event "NOR-chT 1213"]
[Site "Norway"]
[Date "2012.11.02"]
[Round "5"]
[White "Johansen, Terje"]
[Black "David, Edwin"]
[Result "1/2-1/2"]
[WhiteElo "2265"]
[BlackElo "2247"]
[PlyCount "78"]
[EventDate "2012.11.02"]
[EventType "team-tourn"]
[EventRounds "9"]
[EventCountry "NOR"]
[SourceTitle "EXT 2014"]
[Source "ChessBase"]
[SourceDate "2013.11.20"]
[SourceVersion "1"]
[SourceVersionDate "2013.11.20"]
[SourceQuality "1"]
[WhiteTeam "SOSS"]
[BlackTeam "Kristiansund"]
[WhiteTeamCountry "NOR"]
[BlackTeamCountry "NOR"]

1. d4 Nf6 2. c4 e6 3. Nc3 Bb4 4. Qc2 0-0 5. a3 Bxc3+ 6. Qxc3 b5 7. cxb5 c6 8. e3 cxb5 9. Bxb5 Bb7 10. Nf3 Ne4 11. Qb3 Nc6 12. Bd3 Na5 13. Qa4 f5 14. b4 Nc6 15. Bb2 Ne7 16. Rc1 Ng6 17. h4 Ne7 18. h5 f4 19. Rh4 Nxf2 20. Kxf2 fxe3+ 21. Kg3 Nf5+ 22. Bxf5 Rxf5 23. Rg4 Bd5 24. Qc2 Rxh5 25. Qd3 Rf5 26. Qxe3 Bxf3 27. gxf3 h5 28. Re4 Qf6 29. Rc2 Rf8 30. Rf2 Rg5+ 31. Kh2 Qg6 32. d5 Rg1 33. f4 Rg4 34. f5 Rxf5 35. Rxg4 hxg4 36. Rxf5 Qxf5 37. Qd4 e5 38. Qxe5 Qf2+ 39. Kh1 Qf1+ 1/2-1/2

[Event "NOR-chT 1112"]
[Site "Norway"]
[Date "2012.01.13"]
[Round "4"]
[White "Tallaksen, Levi Andre"]
[Black "David, Edwin"]
[Result "1/2-1/2"]
[WhiteElo "2167"]
[BlackElo "2269"]
[PlyCount "52"]
[EventDate "2011.11.04"]
[EventType "team-tourn"]
[EventRounds "9"]
[EventCountry "NOR"]
[SourceTitle "EXT 2013"]
[Source "ChessBase"]
[SourceDate "2012.11.22"]
[SourceVersion "1"]
[SourceVersionDate "2012.11.22"]
[SourceQuality "1"]
[WhiteTeam "Porsgrunn"]
[BlackTeam "Kristiansund"]
[WhiteTeamCountry "NOR"]
[BlackTeamCountry "NOR"]

1. d4 Nf6 2. Nf3 g6 3. Nbd2 Bg7 4. e4 d6 5. Bd3 0-0 6. 0-0 c5 7. c3 cxd4 8. cxd4 Nc6 9. d5 Nb4 10. Nb3 Nxd3 11. Qxd3 Bd7 12. Be3 a6 13. Nfd4 e5 14. dxe6 fxe6 15. Rfd1 Rc8 16. f3 e5 17. Ne2 d5 18. exd5 e4 19. Qd2 exf3 20. gxf3 Nh5 21. Nbd4 Qh4 22. Bg5 Qh3 23. Nf4 Bxd4+ 24. Qxd4 Nxf4 25. Bxf4 Qxf3 26. Bh6 Rf7 1/2-1/2

[Event "NOR-ch"]
[Site "Oslo"]
[Date "2011.07.10"]
[Round "9"]
[White "David, Edwin"]
[Black "Getz, Nicolai"]
[Result "0-1"]
[WhiteElo "2277"]
[BlackElo "2385"]
[PlyCount "80"]
[EventDate "2011.07.02"]
[EventType "swiss"]
[EventRounds "9"]
[EventCountry "NOR"]
[SourceTitle "CBM 143 Extra"]
[Source "ChessBase"]
[SourceDate "2011.08.29"]
[SourceVersion "1"]
[SourceVersionDate "2011.08.29"]
[SourceQuality "1"]

1. d4 Nf6 2. Nc3 e6 3. e4 d5 4. Bg5 dxe4 5. Nxe4 Be7 6. Bxf6 gxf6 7. g3 Bd7 8. d5 f5 9. Nc3 Bf6 10. Bg2 c6 11. dxe6 fxe6 12. Qh5+ Ke7 13. g4 Qg8 14. Bf3 Qg5 15. Qh3 Na6 16. gxf5 Bxc3+ 17. bxc3 Qxf5 18. Qh4+ Qf6 19. Qd4 Qxd4 20. cxd4 e5 21. dxe5 Bf5 22. Ne2 Bxc2 23. Nd4 Bg6 24. 0-0 Rhg8 25. Kh1 Raf8 26. Bg2 Bd3 27. Rfd1 Nc5 28. f3 Bg6 29. Bf1 Ne4 30. Re1 c5 31. Bc4 cxd4 32. fxe4 Rg7 33. Rac1 Bh5 34. Be2 Bxe2 35. Rxe2 Ke6 36. Rg2 Rxg2 37. Kxg2 d3 38. Rd1 Rd8 39. Kf3 Kxe5 40. Rd2 Kd4 0-1

[Event "NOR-ch"]
[Site "Oslo"]
[Date "2011.07.06"]
[Round "5"]
[White "David, Edwin"]
[Black "Moen, Andreas"]
[Result "1-0"]
[WhiteElo "2277"]
[BlackElo "2333"]
[PlyCount "114"]
[EventDate "2011.07.02"]
[EventType "swiss"]
[EventRounds "9"]
[EventCountry "NOR"]
[SourceTitle "CBM 143 Extra"]
[Source "ChessBase"]
[SourceDate "2011.08.29"]
[SourceVersion "1"]
[SourceVersionDate "2011.08.29"]
[SourceQuality "1"]

1. e4 e5 2. Nf3 Nf6 3. Nxe5 d6 4. Nf3 Nxe4 5. Nc3 Nxc3 6. dxc3 Be7 7. Be3 Nc6 8. Qd2 0-0 9. 0-0-0 Re8 10. Kb1 a6 11. h4 Bg4 12. Be2 Qd7 13. h5 h6 14. Bd3 Ne5 15. Nxe5 dxe5 16. Bxh6 e4 17. Bxe4 Qxd2 18. Bxd2 Bxd1 19. Rxd1 Bg5 20. Bxg5 Rxe4 21. g3 Rae8 22. Be3 f6 23. b3 Kf7 24. Kb2 Ke6 25. c4 Rh8 26. c5 Ke7 27. Rh1 g6 28. h6 g5 29. Kc3 Kf7 30. b4 Kg6 31. a3 Rxh6 32. Rd1 Re8 33. a4 Rhh8 34. Rd7 Rh7 35. Rd1 c6 36. Rd6 Rhe7 37. Bd4 Re6 38. Rd7 R6e7 39. Rd6 Re6 40. Rd7 R8e7 41. Rd8 Kf5 42. Kd3 Kg4 43. c4 Kf3 44. b5 g4 45. b6 Re1 46. Rf8 Rd1+ 47. Kc3 Rxd4 48. Rxf6+ Kg2 49. Kxd4 Re2 50. Rf4 Kh3 51. Rf7 Kg2 52. Rxb7 Kxf2 53. Rg7 Kxg3 54. b7 Re8 55. Rc7 Rb8 56. Ke5 Kf3 57. Kd6 g3 1-0

[Event "NOR-ch"]
[Site "Oslo"]
[Date "2011.07.05"]
[Round "4"]
[White "Hole, Oystein"]
[Black "David, Edwin"]
[Result "1-0"]
[WhiteElo "2383"]
[BlackElo "2277"]
[PlyCount "99"]
[EventDate "2011.07.02"]
[EventType "swiss"]
[EventRounds "9"]
[EventCountry "NOR"]
[SourceTitle "CBM 143 Extra"]
[Source "ChessBase"]
[SourceDate "2011.08.29"]
[SourceVersion "1"]
[SourceVersionDate "2011.08.29"]
[SourceQuality "1"]

1. Nf3 Nf6 2. c4 g6 3. Nc3 Bg7 4. e4 d6 5. d4 0-0 6. Be2 Nbd7 7. 0-0 e5 8. Be3 Re8 9. d5 Nh5 10. g3 Bf8 11. Ne1 Ng7 12. b4 f5 13. f3 Be7 14. Nd3 Bg5 15. Qd2 Bxe3+ 16. Qxe3 Rf8 17. c5 f4 18. gxf4 exf4 19. Nxf4 Ne5 20. Ng2 g5 21. f4 gxf4 22. Rxf4 Rxf4 23. Qxf4 Ng6 24. Qf2 Bh3 25. Qg3 Bxg2 26. Kxg2 Qe7 27. c6 b6 28. Rf1 a5 29. b5 Re8 30. Bg4 Rf8 31. Rxf8+ Kxf8 32. Be6 Nxe6 33. dxe6 Qxe6 34. Nd5 Kg8 35. Kf3 Qf7+ 36. Ke2 Qg7 37. Qg5 Qb2+ 38. Kf3 Qxh2 39. Nxc7 Qh3+ 40. Kf2 Qh2+ 41. Ke3 Qc2 42. Qd8+ Kg7 43. Ne6+ Kf7 44. Ng5+ Kg7 45. Qd7+ Kh6 46. Nf7+ Kg7 47. Nxd6+ Kf6 48. Ne8+ Kg5 49. Qd2 Qc5+ 50. Kf3+ 1-0

[Event "NOR-ch"]
[Site "Oslo"]
[Date "2011.07.04"]
[Round "3"]
[White "David, Edwin"]
[Black "Johannessen, Leif Erlend"]
[Result "0-1"]
[WhiteElo "2277"]
[BlackElo "2496"]
[PlyCount "60"]
[EventDate "2011.07.02"]
[EventType "swiss"]
[EventRounds "9"]
[EventCountry "NOR"]
[SourceTitle "CBM 143 Extra"]
[Source "ChessBase"]
[SourceDate "2011.08.29"]
[SourceVersion "1"]
[SourceVersionDate "2011.08.29"]
[SourceQuality "1"]

1. d4 f5 2. Nc3 Nf6 3. Bg5 d5 4. Bxf6 exf6 5. e3 Be6 6. Bd3 Nc6 7. Qf3 Qd7 8. Nge2 Ne7 9. h4 h5 10. Bb5 c6 11. Ba4 Bf7 12. Nf4 g6 13. Nd3 b6 14. b4 a6 15. Bb3 a5 16. bxa5 Rxa5 17. Rb1 Nc8 18. Na4 c5 19. dxc5 bxc5 20. Nc3 c4 21. Bxc4 dxc4 22. Nf4 Be7 23. Rb7 Qd6 24. 0-0 0-0 25. Rd1 Qe5 26. Ncd5 Bd6 27. Qg3 Be8 28. Nc7 Bxc7 29. Rd7 Rc5 30. c3 Ne7 0-1

[Event "NOR-chT 0809"]
[Site "Norway"]
[Date "2008.11.07"]
[Round "1"]
[White "Sahl, Bjarke"]
[Black "David, Edwin"]
[Result "0-1"]
[WhiteElo "2347"]
[BlackElo "2139"]
[PlyCount "86"]
[EventDate "2008.11.07"]
[EventType "team-tourn"]
[EventRounds "11"]
[EventCountry "NOR"]
[SourceTitle "EXT 2010"]
[Source "ChessBase"]
[SourceDate "2010.11.25"]
[SourceVersion "1"]
[SourceVersionDate "2010.11.25"]
[SourceQuality "1"]

1. d4 d5 2. c4 e5 3. e3 exd4 4. exd4 Bb4+ 5. Nc3 Nf6 6. Nf3 0-0 7. Be2 Ne4 8. Qb3 Qe7 9. 0-0 Nxc3 10. bxc3 Qxe2 11. Qxb4 Nc6 12. Qc5 Bg4 13. Re1 Qxc4 14. Qxc4 dxc4 15. d5 Bxf3 16. gxf3 Na5 17. Ba3 Rfd8 18. Rad1 b6 19. Bb4 Nb7 20. a4 a6 21. Re7 Rac8 22. Rd4 b5 23. axb5 axb5 24. h4 Nd6 25. Rf4 Rf8 26. h5 g5 27. Rf6 Kg7 28. Rfe6 Nf5 29. h6+ Nxh6 30. Re5 Kf6 31. f4 gxf4 32. Re4 Rg8+ 33. Kf1 Rg4 34. f3 Rh4 35. Rd7 Kf5 36. d6 c5 37. Rc7 Ra8 38. Rxc5+ Kf6 39. Rce5 Ra1+ 40. Kg2 Rhh1 41. Bc5 Nf5 42. Rxf5+ Kxf5 43. Re2 h5 0-1

[Event "Stare Mesto op"]
[Site "Stare Mesto"]
[Date "2008.08.16"]
[Round "10"]
[White "Kovac, Andrej"]
[Black "David, Edwin"]
[Result "1/2-1/2"]
[WhiteElo "1969"]
[BlackElo "2214"]
[PlyCount "58"]
[EventDate "2008.08.08"]
[EventType "swiss"]
[EventRounds "10"]
[EventCountry "CZE"]
[SourceTitle "CBM 125 Extra"]
[Source "ChessBase"]
[SourceDate "2008.09.01"]
[SourceVersion "1"]
[SourceVersionDate "2008.09.01"]
[SourceQuality "1"]

1. d4 d5 2. c4 e5 3. e3 exd4 4. exd4 Bb4+ 5. Bd2 Qe7+ 6. Be2 dxc4 7. Nc3 Nf6 8. a3 Bxc3 9. bxc3 0-0 10. Nf3 Re8 11. Ne5 Nbd7 12. Nxc4 b6 13. Ne3 Bb7 14. 0-0 Ne4 15. Re1 Nxd2 16. Qxd2 Qg5 17. d5 Nf6 18. Bf3 Re5 19. c4 Rae8 20. Qc3 Qg6 21. Ng4 Nxg4 22. Bxg4 f6 23. Bh3 Qc2 24. Rxe5 Qxc3 25. Rxe8+ Kf7 26. Rae1 Qxc4 27. R8e7+ Kg6 28. d6 cxd6 29. Rxb7 Qc3 1/2-1/2

[Event "Stare Mesto op"]
[Site "Stare Mesto"]
[Date "2008.08.15"]
[Round "9"]
[White "David, Edwin"]
[Black "Stehlik, Jiri"]
[Result "1/2-1/2"]
[WhiteElo "2214"]
[BlackElo "2063"]
[PlyCount "61"]
[EventDate "2008.08.08"]
[EventType "swiss"]
[EventRounds "10"]
[EventCountry "CZE"]
[SourceTitle "CBM 125 Extra"]
[Source "ChessBase"]
[SourceDate "2008.09.01"]
[SourceVersion "1"]
[SourceVersionDate "2008.09.01"]
[SourceQuality "1"]

1. e4 c5 2. a3 g6 3. b4 Bg7 4. c3 d6 5. Nf3 Nc6 6. Bc4 e6 7. bxc5 dxc5 8. 0-0 Nge7 9. Qe2 e5 10. d3 h6 11. Nbd2 0-0 12. Nb3 b6 13. a4 Rb8 14. Rd1 Qc7 15. h3 Kh7 16. d4 cxd4 17. cxd4 exd4 18. Nbxd4 Nxd4 19. Nxd4 Bb7 20. Ba3 Rfc8 21. Bxf7 Nc6 22. Bxg6+ Kxg6 23. Qg4+ Kh7 24. Ne6 Qf7 25. Rd7 Qxd7 26. Nf8+ Rxf8 27. Qxd7 Ne5 28. Qb5 Bc6 29. Qa6 Rfd8 30. Re1 Rd4 31. Re3 1/2-1/2

[Event "Stare Mesto op"]
[Site "Stare Mesto"]
[Date "2008.08.11"]
[Round "5"]
[White "David, Edwin"]
[Black "Vokac, Marek"]
[Result "1/2-1/2"]
[WhiteElo "2214"]
[BlackElo "2451"]
[PlyCount "146"]
[EventDate "2008.08.08"]
[EventType "swiss"]
[EventRounds "10"]
[EventCountry "CZE"]
[SourceTitle "CBM 125 Extra"]
[Source "ChessBase"]
[SourceDate "2008.09.01"]
[SourceVersion "1"]
[SourceVersionDate "2008.09.01"]
[SourceQuality "1"]

1. d4 d6 2. e4 g6 3. Nc3 Bg7 4. Bg5 c6 5. Qd2 b5 6. Nf3 Nd7 7. Bd3 a6 8. a4 b4 9. Ne2 a5 10. 0-0 Ba6 11. Rad1 Bxd3 12. Qxd3 Qc8 13. Rfe1 Qa6 14. Qd2 Nb6 15. b3 h6 16. Bh4 g5 17. Bg3 Nf6 18. Qe3 d5 19. e5 Ne4 20. Nd2 Nxd2 21. Qxd2 e6 22. f4 Nd7 23. fxg5 hxg5 24. Qxg5 Bh6 25. Qg4 0-0-0 26. Bf4 Rdg8 27. Qf3 Bf8 28. Rc1 Kb7 29. c4 bxc3 30. Nxc3 Bb4 31. Rc2 Rg7 32. Rec1 Ba3 33. Ra1 Bb4 34. Na2 Qb6 35. Be3 Be7 36. Rb1 f5 37. b4 axb4 38. Nxb4 Bxb4 39. Rcb2 Kc7 40. Rxb4 Qa7 41. Bf2 Rhg8 42. g3 Rb8 43. Qa3 Nb6 44. Qc1 Nd7 45. Rxb8 Nxb8 46. Qh6 Re7 47. Qf8 Rd7 48. Qe8 f4 49. Qxe6 fxg3 50. hxg3 c5 51. dxc5 d4 52. Qc4 Qa8 53. Qg8 Rd8 54. Qf7+ Rd7 55. Qf5 Qd5 56. Qf8 Rd8 57. Qf6 Nc6 58. e6 Re8 59. g4 Qxe6 60. Bg3+ Kc8 61. Qxe6+ Rxe6 62. Kf2 d3 63. Re1 d2 64. Rd1 Re4 65. Kf3 Rd4 66. Bf4 Rd5 67. Rxd2 Ne5+ 68. Ke4 Rxd2 69. Bxd2 Nxg4 70. Kd5 Nf6+ 71. Kc6 Ne4 72. Be3 Nxc5 73. Bxc5 Kb8 1/2-1/2

[Event "Stare Mesto op"]
[Site "Stare Mesto"]
[Date "2008.08.10"]
[Round "3"]
[White "David, Edwin"]
[Black "Macura, Emil"]
[Result "1-0"]
[WhiteElo "2214"]
[BlackElo "2075"]
[PlyCount "89"]
[EventDate "2008.08.08"]
[EventType "swiss"]
[EventRounds "10"]
[EventCountry "CZE"]
[SourceTitle "CBM 125 Extra"]
[Source "ChessBase"]
[SourceDate "2008.09.01"]
[SourceVersion "1"]
[SourceVersionDate "2008.09.01"]
[SourceQuality "1"]

1. d4 Nf6 2. Nf3 e6 3. Bf4 c5 4. e3 Nc6 5. Nbd2 cxd4 6. exd4 d5 7. c3 Bd6 8. Bg3 Ne4 9. Nxe4 dxe4 10. Ne5 0-0 11. Nc4 Bc7 12. Qh5 f5 13. 0-0-0 f4 14. Bh4 Qd5 15. Qg4 b5 16. Nd2 Qxa2 17. Nxe4 e5 18. Qe2 Qa1+ 19. Kc2 Qa4+ 20. Kc1 Bf5 21. f3 Rab8 22. d5 Na5 23. Be7 Rfc8 24. d6 Bb6 25. d7 Nb3+ 26. Kb1 Rxc3 27. bxc3 Qa1+ 28. Kc2 Qa2+ 29. Kd3 Qa4 30. Qb2 Nc5+ 31. Kd2 Nxe4+ 32. fxe4 Qxe4 33. Qa2+ Kh8 34. Re1 Be3+ 35. Rxe3 fxe3+ 36. Kc1 Bxd7 37. Qc2 Qf4 38. Bd3 h6 39. g3 Qg4 40. Bc5 a5 41. Rf1 b4 42. cxb4 axb4 43. Bxe3 b3 44. Qc7 Rc8 45. Qxc8+ 1-0

[Event "Stare Mesto op"]
[Site "Stare Mesto"]
[Date "2008.08.10"]
[Round "4"]
[White "Sosna, Jan"]
[Black "David, Edwin"]
[Result "0-1"]
[WhiteElo "2379"]
[BlackElo "2214"]
[PlyCount "88"]
[EventDate "2008.08.08"]
[EventType "swiss"]
[EventRounds "10"]
[EventCountry "CZE"]
[SourceTitle "CBM 125 Extra"]
[Source "ChessBase"]
[SourceDate "2008.09.01"]
[SourceVersion "1"]
[SourceVersionDate "2008.09.01"]
[SourceQuality "1"]

1. d4 d5 2. Nf3 Nc6 3. Bf4 Bg4 4. e3 Nf6 5. Nbd2 e6 6. Be2 Bd6 7. Bg3 Bxg3 8. hxg3 Qd6 9. 0-0 0-0 10. c4 dxc4 11. Nxc4 Qd5 12. Rc1 Nd7 13. a3 Qh5 14. e4 Rad8 15. Ne3 Nf6 16. e5 Nxe5 17. Rxc7 Nc6 18. Rxb7 Rd6 19. Qa4 Nxd4 20. Nxd4 Bxe2 21. Nxe2 Qxe2 22. Qb4 Rdd8 23. Rxa7 Nd5 24. Re1 Qh5 25. Nxd5 Rxd5 26. Rb7 Rd1 27. Rxd1 Qxd1+ 28. Kh2 Qh5+ 29. Qh4 Qd5 30. Rb4 h6 31. Qg4 Rc8 32. Qf3 Qg5 33. a4 Qg6 34. a5 Rc1 35. Ra4 f6 36. Qa8+ Kf7 37. Qb7+ Kg8 38. Qa8+ Kf7 39. g4 Qb1 40. Qb7+ Kg8 41. g3 Qc2 42. Qa8+ Kf7 43. Qa7+ Kg8 44. Rb4 Qc6 0-1

[Event "NOR-chT 0607"]
[Site "Oslo"]
[Date "2007.03.09"]
[Round "7"]
[White "Haugli, Petter"]
[Black "David, Edwin"]
[Result "1/2-1/2"]
[WhiteElo "2321"]
[BlackElo "2205"]
[PlyCount "81"]
[EventDate "2006.11.10"]
[EventType "team"]
[EventRounds "9"]
[EventCountry "NOR"]
[SourceTitle "EXT 2008"]
[Source "ChessBase"]
[SourceDate "2007.11.25"]
[SourceVersion "1"]
[SourceVersionDate "2007.11.25"]
[SourceQuality "1"]

1. d4 Nf6 2. c4 e6 3. Nc3 Bb4 4. Nf3 b6 5. Bg5 Bb7 6. e3 h6 7. Bh4 g5 8. Bg3 Ne4 9. Qc2 Bxc3+ 10. bxc3 d6 11. Bd3 f5 12. d5 Nd7 13. Bxe4 fxe4 14. Qxe4 Qf6 15. 0-0 Nc5 16. Qd4 Rf8 17. Nd2 e5 18. Qg4 Qg6 19. f4 Bc8 20. Qe2 gxf4 21. exf4 Bg4 22. Qe3 e4 23. Bh4 Bf5 24. Nb3 Rg8 25. Rf2 Nd3 26. Rc2 Kd7 27. Nd4 Rae8 28. Rf1 Rg7 29. Kh1 Qh5 30. Rd2 Rg4 31. Be1 Reg8 32. h3 Nxe1 33. Qxe1 Rg3 34. Nxf5 Qxf5 35. Re2 Kc8 36. Kh2 Qg6 37. Rg1 e3 38. Qb1 Qh5 39. Qd3 Qe8 40. Qf5+ Kb7 41. Qe6 1/2-1/2

[Event "NOR-chT 0607"]
[Site "Oslo"]
[Date "2007.01.13"]
[Round "5"]
[White "Diesen, Bruce"]
[Black "David, Edwin"]
[Result "0-1"]
[WhiteElo "2228"]
[BlackElo "2205"]
[PlyCount "120"]
[EventDate "2006.11.10"]
[EventType "team"]
[EventRounds "9"]
[EventCountry "NOR"]
[SourceTitle "EXT 2008"]
[Source "ChessBase"]
[SourceDate "2007.11.25"]
[SourceVersion "1"]
[SourceVersionDate "2007.11.25"]
[SourceQuality "1"]

1. e4 e6 2. d4 d5 3. Nc3 Nf6 4. Bg5 Bb4 5. e5 h6 6. Bd2 Bxc3 7. bxc3 Ne4 8. Qg4 g6 9. Bd3 Nxd2 10. Kxd2 c5 11. h4 Nc6 12. Qf4 cxd4 13. cxd4 Bd7 14. Ne2 Qe7 15. Rhb1 0-0-0 16. Nc3 Na5 17. a3 Kb8 18. Rb4 Rc8 19. Rab1 Rc7 20. Nb5 Bxb5 21. Bxb5 Rhc8 22. Bd3 Rc3 23. Qxh6 Qc7 24. Ke2 b6 25. Qc1 Qd8 26. g3 Nc6 27. Qb2 Nxb4 28. axb4 R8c7 29. Ra1 Qh8 30. Kd2 Qh6+ 31. f4 Qh5 32. Qxc3 Rxc3 33. Kxc3 Qf3 34. Rf1 Qxg3 35. Kd2 Qxh4 36. b5 Qh2+ 37. Be2 Qg2 38. c3 Qh2 39. Rf3 Qh8 40. Rf1 Qf8 41. Ra1 f6 42. exf6 Qxf6 43. Ke3 Qf5 44. Rf1 Qc2 45. Bd3 Qxc3 46. Rg1 Kc7 47. Rxg6 Qc1+ 48. Kf3 Qd2 49. Be2 Kd7 50. Rg7+ Kd6 51. Rxa7 Qc3+ 52. Kg2 Qxd4 53. Rf7 Qe4+ 54. Kf2 d4 55. Bf3 Qe3+ 56. Kg2 d3 57. Bc6 d2 58. Rd7+ Kc5 59. Bf3 Kxb5 60. Kg3 Kc5 0-1

[Event "NOR-chT 0607"]
[Site "Oslo"]
[Date "2007.01.12"]
[Round "4"]
[White "David, Edwin"]
[Black "Lie, Espen"]
[Result "1-0"]
[WhiteElo "2205"]
[BlackElo "2335"]
[PlyCount "85"]
[EventDate "2006.11.10"]
[EventType "team"]
[EventRounds "9"]
[EventCountry "NOR"]
[SourceTitle "EXT 2008"]
[Source "ChessBase"]
[SourceDate "2007.11.25"]
[SourceVersion "1"]
[SourceVersionDate "2007.11.25"]
[SourceQuality "1"]

1. d4 Nf6 2. Nc3 d5 3. Bg5 e6 4. Qd2 Be7 5. f3 h6 6. Bh4 b6 7. 0-0-0 Bb7 8. Nh3 Nbd7 9. g4 a6 10. Qe1 c5 11. e3 b5 12. dxc5 b4 13. Ne2 Nxc5 14. Nd4 Qb6 15. Nf2 Rc8 16. Kb1 e5 17. Nf5 Bf8 18. Bxf6 Qxf6 19. f4 g6 20. fxe5 Qxe5 21. Nd4 Be7 22. Nd3 Nxd3 23. Bxd3 h5 24. gxh5 Rxh5 25. Qe2 Ra8 26. Rdf1 Bc8 27. Nc6 Qd6 28. Nxe7 Qxe7 29. Rf4 Re5 30. Qf2 Be6 31. Rf1 f5 32. Rh4 Kd7 33. Rh6 Bf7 34. Rh7 Qe6 35. Qf4 Re8 36. Qxb4 Rxe3 37. Rd1 Rc8 38. Bxa6 Rc7 39. Bb5+ Kc8 40. Rh8+ Bg8 41. Qf8+ Kb7 42. Rxg8 Rc8 43. Ba6+ 1-0

[Event "NOR-chTA final"]
[Site "Trondheim"]
[Date "2004.05.19"]
[Round "1.5"]
[White "Aulin Jansson, Joran"]
[Black "David, Edwin"]
[Result "0-1"]
[WhiteElo "2256"]
[BlackElo "2154"]
[PlyCount "56"]
[EventDate "2004.05.19"]
[EventType "team"]
[EventRounds "5"]
[EventCountry "NOR"]
[SourceTitle "CBM 100 Extra"]
[Source "ChessBase"]
[SourceDate "2004.07.06"]
[SourceVersion "2"]
[SourceVersionDate "2004.07.06"]
[SourceQuality "1"]
[WhiteTeam "01"]
[BlackTeam "07"]
[WhiteTeamCountry "NOR"]
[BlackTeamCountry "NOR"]

1. d4 d5 2. Nf3 Nc6 3. g3 Bg4 4. Bg2 g6 5. b3 Bg7 6. Bb2 Nh6 7. Nbd2 a5 8. a3 0-0 9. 0-0 Qd7 10. Re1 Rad8 11. e3 Bh3 12. Bh1 Qf5 13. e4 dxe4 14. Rxe4 Ng4 15. Qe1 Qh5 16. Nc4 f5 17. Rf4 g5 18. Qe6+ Kh8 19. Rxg4 Bxg4 20. Nfe5 Rf6 21. Nxc6 Rxe6 22. Nxd8 Rh6 23. Bd5 e6 24. Bxb7 Be2 25. h3 Bf6 26. d5 Bxb2 27. Nxb2 Qxh3 28. dxe6 Qh2# 0-1